000 00502nmm a2200181Ia 4500
008 251105s9999||||xx |||||||||||||||||und||
041 _abaq
100 _aCarrasco, Josema
245 0 _aLurrik gabeko loreak
264 _a[Madrid, España] :
_bEditorial Saure,
_c2011
300 _a25 páginas
490 _aCyclecircus
650 _aGraphic novels (Comics)
700 _aCarrasco, Josema
700 1 _a Gómez, Joseba
856 _uhttps://public.digitaliapublishing.com/a/60247
942 _cCF
999 _c63629
_d63629